000 00691nam a2200205Ia 4500
003 GCL
008 140319s9999 xx 000 0 ara d
040 _aGCL /
_cGCL
082 0 4 _aق
_b309.962
_bس ت
100 1 _aالسيد عبدالحليم الزيات
245 1 0 _aالتحديث السياسى فى المجتمع المصرى (دراسة سوسيوتاريخية) /
_cالسيد عبدالحليم الزيات
260 _a[S.N] :
_bدار المعرفة الجامعية ،
_c1990
300 _a358 ص
490 _a
650 0 4 _aمصر
650 0 4 _aتاريخ
650 0 4 _aالاحوال السياسية
650 0 4 _aالتاريخ الحديث
942 _2ddc
_cBK
999 _c52512
_d52512